[Event "USCL New Jersey vs New York"]
[Site "Internet Chess Club"]
[Date "2010.08.30"]
[Round "2"]
[White "Shen, Victor"]
[Black "Getz, Alec"]
[Result "1-0"]
[WhiteElo "2339"]
[BlackElo "2377"]
[PlyCount "109"]
[EventDate "2010.??.??"]

1. e4 c5 2. Nf3 Nc6 3. d4 cxd4 4. Nxd4 Nf6 5. Nc3 d6 6. Be2 e5 7. Nf3 h6 8. O-O
Be7 9. Re1 O-O 10. h3 Be6 11. Bf1 Rc8 12. Nd5 Bxd5 13. exd5 Nb4 14. c4 a5 15.
a3 Na6 16. Bd2 Nd7 17. b4 f5 18. Qb3 Bf6 19. Bc3 Qb6 20. Nd2 axb4 21. axb4 e4
22. Bxf6 Rxf6 23. Rab1 Ne5 24. Qc3 Qc7 25. Qe3 Qf7 26. Kh1 Qh5 27. Rb3 Qh4 28.
Kg1 Rg6 29. Rc1 Nc7 30. Qd4 Ne8 31. c5 Nf6 32. Rbc3 Ra8 33. c6 Kh7 34. c7 Rc8
35. b5 b6 36. Ra1 Nfd7 37. Ra7 Nc5 38. Rxc5 bxc5 39. Qe3 Nd7 40. Nc4 Qe7 41.
Qb3 f4 42. b6 e3 43. Bd3 e2 44. Bxg6+ Kh8 45. Ra1 e1=Q+ 46. Rxe1 Qxe1+ 47. Kh2
Nxb6 48. Nxd6 Qxf2 49. Nxc8 Nxc8 50. Bf5 c4 51. Qc3 f3 52. Qxf3 Qc5 53. Qf4 Nb6
54. d6 Nd5 55. Qe5 1-0

[Event "USCL Carolina vs New England"]
[Site "Internet Chess Club"]
[Date "2010.08.30"]
[Round "2"]
[White "Thiel, Carey"]
[Black "Jones, Craig"]
[Result "0-1"]
[WhiteElo "2251"]
[BlackElo "2286"]
[PlyCount "124"]
[EventDate "2010.??.??"]

1. e4 c5 2. c4 Nc6 3. Nc3 g6 4. g3 Bg7 5. Bg2 Nf6 6. Nge2 O-O 7. O-O d6 8. d3
Rb8 9. h3 Ne8 10. Be3 Nc7 11. f4 Bd7 12. Rb1 b5 13. e5 dxe5 14. Bxc5 Ne6 15.
Be3 bxc4 16. dxc4 exf4 17. gxf4 Nc7 18. Nd4 Nxd4 19. Bxd4 Bxd4+ 20. Qxd4 Bf5
21. Qxa7 Bxb1 22. Rxb1 Qd6 23. Qf2 e6 24. Ne4 Qd3 25. Rc1 Rfd8 26. b3 f5 27.
Ng5 Qd2 28. Re1 Qxf2+ 29. Kxf2 Rd2+ 30. Re2 Rxe2+ 31. Kxe2 h6 32. Nf3 Ra8 33.
a4 Rb8 34. Nd4 g5 35. fxg5 hxg5 36. Nb5 Na6 37. Kd3 Kf7 38. Kc3 e5 39. b4 e4
40. c5 Kf6 41. c6 Ke5 42. Bf1 f4 43. Bc4 f3 44. Nd4 Nxb4 45. c7 Rc8 46. Nxf3+
exf3 47. Kxb4 Rxc7 48. Bb5 f2 49. a5 Rb7 50. a6 Rxb5+ 51. Kxb5 f1=Q+ 52. Kb6
Qxh3 53. a7 Qa3 54. Kb7 g4 55. a8=Q Qxa8+ 56. Kxa8 g3 57. Kb8 g2 58. Ka8 g1=Q
59. Kb7 Qc5 60. Ka6 Qb4 61. Ka7 Kd6 62. Ka6 Kc7 0-1

[Event "USCL Miami vs San Francisco"]
[Site "Internet Chess Club"]
[Date "2010.08.30"]
[Round "2"]
[White "Becerra, Julio"]
[Black "Wolff, Patrick"]
[Result "1/2-1/2"]
[WhiteElo "2628"]
[BlackElo "2623"]
[PlyCount "50"]
[EventDate "2010.??.??"]

1. d4 d5 2. Nf3 Nf6 3. e3 g6 4. c4 c6 5. Nc3 Bg7 6. Be2 O-O 7. O-O a6 8. b3
Nbd7 9. a4 c5 10. Ba3 cxd4 11. exd4 Re8 12. Re1 e5 13. dxe5 Nxe5 14. Nxe5 Rxe5
15. Bf3 Rxe1+ 16. Qxe1 dxc4 17. Rd1 Bd7 18. bxc4 Qa5 19. Nd5 Qxe1+ 20. Rxe1
Nxd5 21. cxd5 Bxa4 22. d6 Rd8 23. Bxb7 Bf8 24. Bxa6 Bxd6 25. Bxd6 Rxd6 1/2-1/2

[Event "USCL Carolina vs New England"]
[Site "Internet Chess Club"]
[Date "2010.08.30"]
[Round "2"]
[White "Mabe, Chris"]
[Black "Riordan, Charles"]
[Result "0-1"]
[WhiteElo "2244"]
[BlackElo "2397"]
[PlyCount "134"]
[EventDate "2010.??.??"]

1. Nf3 d5 2. d4 Nf6 3. c4 e6 4. g3 Bb4+ 5. Bd2 Be7 6. Bg2 O-O 7. O-O c6 8. Bf4
Nbd7 9. Qc2 b6 10. Nc3 Ba6 11. cxd5 cxd5 12. Qa4 Qc8 13. Rfc1 Qb7 14. Qd1 b5
15. a3 Rfc8 16. b4 Qb6 17. h3 Bb7 18. Qd3 a5 19. bxa5 Rxa5 20. a4 bxa4 21. Rcb1
Ba6 22. Qd1 Qc6 23. Nxa4 Bxe2 24. Qxe2 Rxa4 25. Rxa4 Qxa4 26. Qd1 Qxd1+ 27.
Rxd1 Ne4 28. Nd2 Nc3 29. Re1 Bf6 30. Be3 Nb6 31. Kf1 Nc4 32. Nf3 h6 33. Rc1 Nb5
34. Ke2 Ra8 35. Rc2 Ra3 36. g4 Nc3+ 37. Ke1 Ra1+ 38. Rc1 Nxe3 39. Rxa1 Nxg2+
40. Kf1 Nh4 41. Nxh4 Bxh4 42. Ra5 Bf6 43. f3 Bxd4 44. h4 g5 45. h5 Kg7 46. Ke1
Ne4 47. Ra3 Nd6 48. Ke2 Nc4 49. Ra8 Bf6 50. Ra7 Ne5 51. Ra4 Nc6 52. Ra6 Nd4+
53. Ke3 Nc2+ 54. Kd2 Nd4 55. Ke3 Be5 56. Ra8 Nc6 57. Rc8 Bf4+ 58. Kd3 Ne5+ 59.
Ke2 d4 60. Rd8 d3+ 61. Kf2 Kf6 62. Rd4 Ke7 63. Kg2 Be3 64. Re4 d2 65. Rxe3 d1=Q
66. Rxe5 Qd2+ 67. Kf1 Qf4 0-1

[Event "USCL Carolina vs New England"]
[Site "Internet Chess Club"]
[Date "2010.08.30"]
[Round "2"]
[White "Vigorito, David"]
[Black "Simpson, Ron"]
[Result "1-0"]
[WhiteElo "2524"]
[BlackElo "2330"]
[PlyCount "141"]
[EventDate "2010.??.??"]

1. d4 f5 2. g3 Nf6 3. Bg2 e6 4. Nf3 d5 5. O-O Bd6 6. c4 c6 7. b3 Qe7 8. Ne5 O-O
9. Bb2 a5 10. c5 Bxe5 11. dxe5 Nfd7 12. Qc1 Na6 13. Nd2 Qxc5 14. Qxc5 Ndxc5 15.
Rfc1 Nd7 16. Nf3 c5 17. h3 h6 18. g4 fxg4 19. hxg4 g5 20. Kh2 Nb4 21. Kg3 b6
22. Rh1 Kg7 23. Rh5 Ba6 24. a3 Nc6 25. Rah1 Rh8 26. e3 Bd3 27. Ne1 Bg6 28. R5h2
a4 29. bxa4 Rxa4 30. f4 gxf4+ 31. exf4 Nd4 32. Bf3 Rh7 33. Bd1 Ra7 34. Nf3 Nxf3
35. Bxf3 d4 36. Bc6 Rc7 37. Bb5 Be4 38. Re1 Bg6 39. Rf2 Nf8 40. f5 Bf7 41. Rc2
Ra7 42. a4 Kg8 43. f6 h5 44. g5 h4+ 45. Kh3 Bg6 46. Rf2 Rh5 47. Bc1 Kf7 48. Bd2
Ra8 49. Rc1 Bf5+ 50. Rxf5 exf5 51. Bc4+ Kg6 52. e6 Nxe6 53. Bxe6 Rxa4 54. Rf1
Ra3+ 55. Kh2 Rh8 56. Bxf5+ Kf7 57. Be4 Rg3 58. Ra1 Ke6 59. Ra7 Re8 60. Bc6 Rf8
61. Bf4 Rc3 62. Be4 Rxf6 63. gxf6 Kxf6 64. Rh7 Rb3 65. Rh6+ Ke7 66. Bg5+ Kd7
67. Bc6+ Kc8 68. Bf4 Rb2+ 69. Kh3 Rb3+ 70. Kxh4 Rb1 71. Rh8# 1-0

[Event "USCL Miami vs San Francisco"]
[Site "Internet Chess Club"]
[Date "2010.08.30"]
[Round "2"]
[White "Rodriguez, Eric"]
[Black "Naroditsky, Daniel"]
[Result "0-1"]
[WhiteElo "2382"]
[BlackElo "2453"]
[PlyCount "78"]
[EventDate "2010.??.??"]

1. d4 Nf6 2. c4 g6 3. Nc3 Bg7 4. e4 d6 5. f3 O-O 6. Be3 e5 7. d5 c6 8. Qd2 cxd5
9. cxd5 a6 10. g4 h5 11. h3 Nbd7 12. O-O-O b5 13. Kb1 Bb7 14. Bg5 Qa5 15. Bd3
Rfc8 16. Rc1 b4 17. Nce2 Nc5 18. Bc2 Na4 19. Bb3 Nc5 20. Ng3 Nxb3 21. axb3
Rxc1+ 22. Qxc1 Rc8 23. Qd1 Nh7 24. h4 Nxg5 25. hxg5 hxg4 26. fxg4 Qc5 27. Qd2
a5 28. Nf3 Ba6 29. Nh4 Qd4 30. Rd1 Qxd2 31. Rxd2 Bf8 32. Nhf5 gxf5 33. exf5 a4
34. bxa4 Rc4 35. Nh5 Be7 36. f6 Bf8 37. Rc2 Rxg4 38. Rc6 Bd3+ 39. Ka2 Rxg5 0-1

[Event "USCL Miami vs San Francisco"]
[Site "Internet Chess Club"]
[Date "2010.08.30"]
[Round "2"]
[White "Liou, Yian"]
[Black "Perez, Robert"]
[Result "1-0"]
[WhiteElo "2254"]
[BlackElo "2175"]
[PlyCount "141"]
[EventDate "2010.??.??"]

1. e4 c5 2. Nf3 e6 3. d4 cxd4 4. Nxd4 Nf6 5. Nc3 Nc6 6. Ndb5 Bb4 7. a3 Bxc3+ 8.
Nxc3 d5 9. exd5 exd5 10. Bd3 d4 11. Ne2 Bf5 12. O-O Bg6 13. Nf4 O-O 14. Nxg6
hxg6 15. Re1 Qd5 16. Bf4 Rfe8 17. Qd2 Nd7 18. Rad1 Nc5 19. Bf1 Ne4 20. Qd3 Qf5
21. Bg3 Re6 22. f3 Nxg3 23. hxg3 Qf6 24. Qd2 Rae8 25. Rxe6 Qxe6 26. Bb5 a6 27.
Bxc6 Qxc6 28. Qf2 Rd8 29. Rd3 Rc8 30. Rd2 Qc4 31. b3 Qc5 32. a4 Rd8 33. Rd3 Qa3
34. Kh2 Qb2 35. Qe2 Rc8 36. Rd2 Qc3 37. Qd1 Rd8 38. Rd3 Qc5 39. c3 Qh5+ 40. Kg1
Qg5 41. f4 Qa5 42. Rxd4 Re8 43. b4 Qc7 44. Qd2 Rc8 45. Kh2 Re8 46. Rd7 Qc6 47.
a5 Rf8 48. Qd4 Qb5 49. Qd5 Qe2 50. Rxb7 Kh7 51. Qe5 Qc4 52. Qe7 Kg8 53. Rc7 Qd5
54. Rc5 Qd1 55. b5 axb5 56. a6 Ra8 57. a7 f5 58. Rc7 Qh5+ 59. Qh4 Qe2 60. Rd7
Qe4 61. Rd8+ Kf7 62. Rd7+ Kg8 63. Qe7 Qxe7 64. Rxe7 Kh8 65. Rb7 Kh7 66. Kh3 g5
67. Kh2 Kg6 68. Kg1 Kh7 69. Kf2 Kg6 70. Ke3 Kh5 71. Rxg7 1-0

[Event "USCL Arizona vs Seattle"]
[Site "Internet Chess Club"]
[Date "2010.08.30"]
[Round "2"]
[White "Altounian, Levon"]
[Black "Cozianu, Costin"]
[Result "1/2-1/2"]
[WhiteElo "2496"]
[BlackElo "2557"]
[PlyCount "90"]
[EventDate "2010.??.??"]

1. c4 e6 2. g3 d5 3. Bg2 Nf6 4. Nf3 Be7 5. O-O O-O 6. d4 dxc4 7. Qc2 a6 8. Qxc4
b5 9. Qc2 Bb7 10. Bg5 Nbd7 11. Bxf6 Nxf6 12. Nbd2 Ra7 13. Rfd1 Qa8 14. Rac1 Rc8
15. Nb3 Nd7 16. Qd2 a5 17. Qf4 a4 18. Nc5 Nxc5 19. dxc5 Bd5 20. Ne5 f6 21. Bxd5
exd5 22. Nd7 Ra6 23. Qf3 Qc6 24. Rxd5 Qe6 25. c6 b4 26. Qf5 Qxf5 27. Rxf5 Re8
28. e3 Bd6 29. Rb5 Kf7 30. Kf1 Rh8 31. Ke2 h5 32. h3 g6 33. Rc4 Re8 34. Kd3 f5
35. Rd5 Re6 36. Nc5 Bxc5 37. Rdxc5 Rd6+ 38. Kc2 Rb6 39. b3 axb3+ 40. Kxb3 Rd3+
41. Kb2 b3 42. axb3 Rdxb3+ 43. Kc1 Rb1+ 44. Kd2 R1b2+ 45. Rc2 Ke6 1/2-1/2

[Event "USCL Arizona vs Seattle"]
[Site "Internet Chess Club"]
[Date "2010.08.30"]
[Round "2"]
[White "Wang, Michael"]
[Black "Thompson, Nick"]
[Result "0-1"]
[WhiteElo "2103"]
[BlackElo "2183"]
[PlyCount "94"]
[EventDate "2010.??.??"]

1. c4 e5 2. Nc3 Nf6 3. g3 d5 4. cxd5 Nxd5 5. Bg2 Nb6 6. d3 Be7 7. Nf3 Nc6 8.
O-O O-O 9. a3 Be6 10. b4 f6 11. Bb2 a5 12. b5 Nd4 13. Nxd4 exd4 14. Na4 Qd7 15.
Bxb7 Qxb5 16. Nxb6 Rab8 17. Bxd4 Rxb7 18. Rb1 Qa6 19. Nc4 Rxb1 20. Qxb1 Bxc4
21. dxc4 Qxc4 22. Qb2 Rd8 23. Be3 a4 24. Qc1 Qxe2 25. Qxc7 Rd1 26. Qc8+ Kf7 27.
Rxd1 Qxd1+ 28. Kg2 Qd5+ 29. Kg1 Qd1+ 30. Kg2 Qd5+ 31. Kg1 Bxa3 32. Qc2 Qb3 33.
Qxh7 Bf8 34. Qh5+ Kg8 35. Qg4 a3 36. Bd4 Qb1+ 37. Kg2 f5 38. Qe2 Qe4+ 39. Qxe4
fxe4 40. f3 exf3+ 41. Kxf3 Be7 42. Ke4 Bf6 43. Bxf6 gxf6 44. Kf5 Kf7 45. g4 a2
46. g5 fxg5 47. Kxg5 a1=Q 0-1

[Event "USCL Arizona vs Seattle"]
[Site "Internet Chess Club"]
[Date "2010.08.30"]
[Round "2"]
[White "Mikhailuk, Slava"]
[Black "Barcenilla, Rogelio"]
[Result "0-1"]
[WhiteElo "2431"]
[BlackElo "2583"]
[PlyCount "132"]
[EventDate "2010.??.??"]

1. c4 c5 2. Nc3 Nc6 3. g3 g6 4. Bg2 Bg7 5. e4 a6 6. Nge2 b5 7. d3 Rb8 8. O-O d6
9. cxb5 axb5 10. a3 e6 11. b4 Nge7 12. Rb1 Ba6 13. Be3 Nd4 14. Qd2 h5 15. h4
Qd7 16. f4 f5 17. e5 Nxe2+ 18. Nxe2 cxb4 19. exd6 Qxd6 20. axb4 Kf7 21. Bc5 Qd7
22. Qe3 Rhd8 23. Rbd1 Nd5 24. Qd2 Bb7 25. Rfe1 Ra8 26. Nd4 Bxd4+ 27. Bxd4 Nxb4
28. Bb2 Nc6 29. Qc3 Nd4 30. Qxd4 Qxd4+ 31. Bxd4 Bxg2 32. Be5 Bf3 33. Rc1 Ra7
34. Re3 Bd5 35. Rb1 Rb7 36. Rb4 Ra8 37. Re2 Ke7 38. Kf2 Ra3 39. Ke3 Bc4 40. Rd2
Rd7 41. Bd4 Rd5 42. Rd1 Kd7 43. Rb2 Kc6 44. Rbd2 Kb7 45. Ra1 Rxa1 46. Bxa1 Bb3
47. Rb2 Ba4 48. Rb4 Rc5 49. Bf6 Rc2 50. Rd4 Rg2 51. Kf3 Rh2 52. Ke3 Kc6 53. Be7
Bb3 54. Rd8 Rg2 55. Kf3 Rh2 56. Ke3 Bd1 57. Kd4 Bb3 58. Rc8+ Kd7 59. Rc3 Kxe7
60. Rxb3 Rg2 61. Rxb5 Rxg3 62. Rb7+ Kf6 63. Rb8 Rf3 64. Rf8+ Kg7 65. Rd8 Kf7
66. Rd7+ Kf6 0-1

[Event "USCL Arizona vs Seattle"]
[Site "Internet Chess Club"]
[Date "2010.08.30"]
[Round "2"]
[White "Adamson, Robby"]
[Black "Rohonyan, Katerina"]
[Result "1/2-1/2"]
[WhiteElo "2363"]
[BlackElo "2327"]
[PlyCount "164"]
[EventDate "2010.??.??"]

1. e4 c5 2. Nf3 d6 3. d4 cxd4 4. Nxd4 Nf6 5. Nc3 Bd7 6. Bg5 e6 7. Ndb5 Bc6 8.
Bxf6 gxf6 9. Qh5 a6 10. Nd4 Bd7 11. Bc4 Qc8 12. Bb3 Qc5 13. Nf5 Nc6 14. Ng3 b5
15. O-O Be7 16. Rad1 Rc8 17. Kh1 Qxh5 18. Nxh5 Na5 19. Rd2 Nc4 20. Bxc4 Rxc4
21. f3 Rc5 22. Nf4 O-O 23. Nd3 Rc4 24. Nd1 Rfc8 25. Ne3 R4c7 26. c3 a5 27. a3
Bc6 28. Nc2 d5 29. e5 fxe5 30. Nxe5 Be8 31. Nd3 Bd6 32. Re1 Kf8 33. f4 Re7 34.
g3 Bd7 35. Kg2 f6 36. Nd4 Kf7 37. Rf2 Bb8 38. Rfe2 Ba7 39. Nf3 Rce8 40. Rf1 Kg7
41. Rfe1 Rc8 42. Nd4 Kf7 43. Rd2 Be8 44. Rde2 Bd7 45. Rd2 Rc4 46. Nf3 Re4 47.
Rde2 Rxe2+ 48. Rxe2 Be8 49. Rd2 Kf8 50. Re2 Bg6 51. Nf2 Kf7 52. Nh4 Bb1 53. Re1
Ba2 54. Ng4 d4 55. Nh6+ Kf8 56. cxd4 Bxd4 57. N6f5 Bd5+ 58. Kf1 Bc4+ 59. Kg2
Rd7 60. Nxd4 Rxd4 61. Nf3 Rd3 62. Kf2 Rb3 63. Rb1 Ke7 64. Nd2 Rd3 65. Nxc4 bxc4
66. Rc1 Rd2+ 67. Kf3 Rxh2 68. Rxc4 Rxb2 69. Rc7+ Kd6 70. Rxh7 f5 71. Ra7 Rb3+
72. Kg2 Rxa3 73. Ra6+ Kd5 74. Kh3 a4 75. Kh4 Ra1 76. Kg5 a3 77. Kf6 a2 78. Ra4
Kc5 79. Kf7 Kb5 80. Ra8 Kc4 81. Kf6 Kd4 82. Ra3 Kd5 1/2-1/2

[Event "USCL Baltimore vs Manhattan"]
[Site "Internet Chess Club"]
[Date "2010.09.01"]
[Round "2"]
[White "Black, James"]
[Black "Schoch, Ian"]
[Result "0-1"]
[WhiteElo "2102"]
[BlackElo "2245"]
[PlyCount "72"]
[EventDate "2010.??.??"]

1. d4 Nf6 2. c4 e6 3. Nc3 Bb4 4. f3 d5 5. a3 Bxc3+ 6. bxc3 O-O 7. cxd5 exd5 8.
e3 Re8 9. Bd3 c5 10. Ne2 Nc6 11. O-O c4 12. Bc2 b5 13. Ng3 a5 14. Bd2 Rb8 15.
e4 dxe4 16. fxe4 Bg4 17. Qe1 b4 18. Qf2 Rb7 19. Ba4 Re6 20. h3 Bh5 21. e5 bxc3
22. Be3 Rb2 23. Qe1 Qd5 24. Rf2 Rxf2 25. Bxf2 Bg6 26. Qxc3 Ne4 27. Nxe4 Bxe4
28. g3 Bh1 29. Kf1 Bg2+ 30. Ke1 f6 31. Rc1 fxe5 32. Qxc4 exd4+ 33. Kd2 Qg5+ 34.
Kc2 Bd5 35. Qf1 d3+ 36. Kb1 Qd2 0-1

[Event "USCL Baltimore vs Manhattan"]
[Site "Internet Chess Club"]
[Date "2010.09.01"]
[Round "2"]
[White "Milman, Lev"]
[Black "Kaufman, Larry"]
[Result "0-1"]
[WhiteElo "2501"]
[BlackElo "2452"]
[PlyCount "60"]
[EventDate "2010.??.??"]

1. e4 e5 2. Nf3 Nc6 3. Bb5 a6 4. Ba4 Nf6 5. O-O Be7 6. Bxc6 dxc6 7. d3 Nd7 8.
Nbd2 O-O 9. Nc4 f6 10. Nh4 Nc5 11. Nf5 Ne6 12. Be3 c5 13. Qd2 Nd4 14. Nxe7+
Qxe7 15. f4 exf4 16. Bxf4 Be6 17. Ne3 Rad8 18. Qf2 Rf7 19. Kh1 Qd7 20. b3 b6
21. a4 Qc6 22. Rae1 Rfd7 23. e5 f5 24. Qg3 Rf7 25. Bg5 Rdf8 26. Rf4 Bc8 27. Rh4
Ne6 28. Bf4 g5 29. Bxg5 Rg7 30. Rxh7 Rxh7 0-1

[Event "USCL Baltimore vs Manhattan"]
[Site "Internet Chess Club"]
[Date "2010.09.01"]
[Round "2"]
[White "Erenburg, Sergey"]
[Black "Stripunsky, Alex"]
[Result "1-0"]
[WhiteElo "2646"]
[BlackElo "2659"]
[PlyCount "95"]
[EventDate "2010.??.??"]

1. e4 c5 2. Nf3 e6 3. d4 cxd4 4. Nxd4 a6 5. Bd3 Nf6 6. O-O Qc7 7. Qe2 d6 8. c4
g6 9. Nc3 Bg7 10. Nf3 Nc6 11. h3 Nd7 12. Rd1 O-O 13. Be3 Bxc3 14. bxc3 f6 15.
Rab1 Nd8 16. Nd4 e5 17. Nc2 Nc5 18. Nb4 Be6 19. Nd5 Bxd5 20. cxd5 b5 21. c4
Nxd3 22. Qxd3 bxc4 23. Rdc1 Rc8 24. Qa3 Nf7 25. Rb6 Qd7 26. Qxa6 f5 27. Rb7 Qd8
28. Rxc4 Rxc4 29. Qxc4 Qh4 30. Ba7 f4 31. f3 Qe1+ 32. Qf1 Qa5 33. Qf2 Ra8 34.
Kh2 g5 35. Rb8+ Rxb8 36. Bxb8 h5 37. g4 fxg3+ 38. Kxg3 Kg7 39. Ba7 Qa3 40. Be3
Kf6 41. h4 gxh4+ 42. Kxh4 Qa8 43. Qg2 Qe8 44. Bg5+ Kg6 45. Qh3 Kg7 46. Qf5 Nh8
47. Bf6+ Kg8 48. Bxh8 1-0

[Event "USCL Boston vs Philadelphia"]
[Site "Internet Chess Club"]
[Date "2010.09.01"]
[Round "2"]
[White "Sivakumar, Kavinayan"]
[Black "Xu, Grant"]
[Result "0-1"]
[WhiteElo "2108"]
[BlackElo "2061"]
[PlyCount "150"]
[EventDate "2010.??.??"]

1. e4 e6 2. d4 d5 3. Nd2 Nf6 4. e5 Nfd7 5. c3 c5 6. f4 Nc6 7. Ndf3 Qb6 8. a3 f6
9. b4 cxb4 10. cxb4 Be7 11. Bd3 O-O 12. Bb2 Qd8 13. Nh3 Qe8 14. O-O f5 15. g3
Nb6 16. Rc1 Bd7 17. Nd2 a6 18. Nb3 Na4 19. Qd2 Rc8 20. Nc5 Bxc5 21. bxc5 Na7
22. Nf2 Qd8 23. Qb4 Rf7 24. c6 Rxc6 25. Rxc6 Bxc6 26. Rc1 Qb6 27. Qxb6 Nxb6 28.
Bc3 Nb5 29. Bxb5 Bxb5 30. Be1 Nc4 31. Rc3 Rc7 32. Nd3 b6 33. Kf2 Kf7 34. h3 Ke8
35. Nb2 Kd7 36. Nxc4 Bxc4 37. Rc1 Kc6 38. Bb4 Kb5 39. Bd6 Rb7 40. Rb1+ Kc6 41.
Ke3 h6 42. h4 h5 43. Kd2 Ra7 44. Rb2 Ra8 45. Ke3 Rc8 46. Kd2 Kb7 47. Bb4 Bb5
48. Bc3 Ka7 49. Rb1 Rc4 50. Rb4 Rc6 51. Rb2 Bf1 52. Rb1 Bg2 53. Rb2 Be4 54. Rb4
a5 55. Rb2 Rc4 56. Rb3 Ka6 57. Rb2 Ra4 58. Rb3 b5 59. Ke3 Bc2 60. Rb2 Rxa3 61.
Rxc2 b4 62. Kd2 Rxc3 63. Rxc3 bxc3+ 64. Kxc3 Kb5 65. Kb3 a4+ 66. Kc3 Ka5 67.
Kc2 Kb4 68. Kb2 Kc4 69. Ka3 Kxd4 70. Kxa4 Ke3 71. Kb5 d4 72. Kc6 d3 73. Kd6 d2
74. Kxe6 d1=Q 75. Kxf5 Qg4# 0-1

[Event "USCL Boston vs Philadelphia"]
[Site "Internet Chess Club"]
[Date "2010.09.01"]
[Round "2"]
[White "Shmelov, Denys"]
[Black "Bartell, Tom"]
[Result "0-1"]
[WhiteElo "2471"]
[BlackElo "2429"]
[PlyCount "126"]
[EventDate "2010.??.??"]

1. d4 Nf6 2. c4 e6 3. Nc3 Bb4 4. f3 O-O 5. a3 Bxc3+ 6. bxc3 Ne8 7. e4 b6 8. Bd3
Ba6 9. f4 Nc6 10. e5 Na5 11. Qe2 d5 12. Nf3 Bxc4 13. Ng5 g6 14. h4 h6 15. Bxc4
Nxc4 16. Nf3 h5 17. g4 Ng7 18. gxh5 Nxh5 19. Rg1 Kg7 20. Ng5 Rh8 21. f5 exf5
22. e6 Qe7 23. Nxf7 Qxh4+ 24. Kd1 Qe4 25. Nxh8 Rxh8 26. Ra2 Nf6 27. Qxe4 dxe4
28. Rag2 Ng4 29. Rxg4 fxg4 30. Rxg4 Kf6 31. Rxe4 c6 32. e7 Re8 33. a4 Nd6 34.
Re2 Nf5 35. Ba3 Nxe7 36. c4 Kf7 37. a5 Nf5 38. axb6 axb6 39. Rf2 Re4 40. Bb2
Ke6 41. Kd2 Rg4 42. Kd3 Rg3+ 43. Kd2 Nd6 44. Re2+ Kd7 45. c5 Nc4+ 46. Kc2 b5
47. Bc3 Ne3+ 48. Kd2 Nd5 49. Bb2 Nf4 50. Rh2 Rg2+ 51. Rxg2 Nxg2 52. Kd3 Ke6 53.
Ke4 Nh4 54. Bc3 Nf5 55. Bd2 Ne7 56. Bc1 Nd5 57. Bd2 Nf6+ 58. Kf4 Kd5 59. Bc1
Ne4 60. Ba3 Kxd4 61. Bb2+ Kd5 62. Ba3 Nxc5 63. Kg5 Nd3 0-1

[Event "USCL Baltimore vs Manhattan"]
[Site "Internet Chess Club"]
[Date "2010.09.01"]
[Round "2"]
[White "Enkhbat, Tegshsuren"]
[Black "Vovsha, Eli"]
[Result "0-1"]
[WhiteElo "2425"]
[BlackElo "2539"]
[PlyCount "90"]
[EventDate "2010.??.??"]

1. d4 Nf6 2. c4 g6 3. g3 Bg7 4. Bg2 d5 5. cxd5 Nxd5 6. Nf3 Nb6 7. Nc3 Nc6 8. e3
O-O 9. O-O Be6 10. b3 Qc8 11. Bb2 Rd8 12. Qe2 a5 13. Ng5 Bg4 14. f3 Bf5 15. g4
Bd7 16. Rfd1 a4 17. Nxa4 Nxa4 18. bxa4 Rxa4 19. d5 Ne5 20. h3 Qa8 21. f4 Nc4
22. Bxg7 Kxg7 23. Ne4 Qa7 24. Re1 b5 25. Nc3 Ra3 26. Rac1 Kg8 27. Rc2 Rb8 28.
Kh1 Rb6 29. e4 Rba6 30. e5 Qd4 31. e6 fxe6 32. Rd1 Qxf4 33. dxe6 Bc6 34. Nd5
Bxd5 35. Rxd5 Re3 36. Qf2 Qxf2 37. Rxf2 Nd6 38. Rc5 Ra7 39. Kh2 Kg7 40. Bd5 Re5
41. Rfc2 Nc4 42. R5xc4 bxc4 43. Bc6 Rxe6 44. Bb5 c3 45. a4 c6 0-1

[Event "USCL Boston vs Philadelphia"]
[Site "Internet Chess Club"]
[Date "2010.09.01"]
[Round "2"]
[White "Christiansen, Larry"]
[Black "Panchanathan, Magesh"]
[Result "1/2-1/2"]
[WhiteElo "2665"]
[BlackElo "2535"]
[PlyCount "143"]
[EventDate "2010.??.??"]

1. d4 Nf6 2. c4 e6 3. Nf3 b6 4. g3 Ba6 5. Qc2 Bb7 6. Bg2 c5 7. d5 exd5 8. cxd5
Nxd5 9. O-O Be7 10. Rd1 O-O 11. Qf5 Nf6 12. Nc3 d5 13. Ng5 Qc8 14. Nxd5 Bxd5
15. Rxd5 Nc6 16. Qxc8 Raxc8 17. Rd1 Nd4 18. Kf1 Rcd8 19. Bd2 Rfe8 20. e3 Nc2
21. Rac1 Nb4 22. Bxb4 Rxd1+ 23. Rxd1 cxb4 24. Nf3 Bc5 25. Ke2 g6 26. Nd4 a5 27.
Bf3 Rd8 28. Rd3 Bf8 29. Rd2 h5 30. Rc2 Kg7 31. h3 Bc5 32. Nb3 Be7 33. Rc6 Rd6
34. Rc7 Rd7 35. Rc4 a4 36. Nd4 Bc5 37. Nc2 b3 38. axb3 axb3 39. Na1 Ra7 40.
Nxb3 Ra2 41. Nxc5 Rxb2+ 42. Kf1 bxc5 43. Rxc5 Rb1+ 44. Kg2 Rb2 45. Ra5 Rd2 46.
Bc6 Rd6 47. Bf3 Rd7 48. e4 Re7 49. Ra4 Re8 50. Rd4 Re7 51. h4 Nd7 52. Be2 Ne5
53. Ra4 Rc7 54. Ra2 Rb7 55. f3 f6 56. Kf2 Kh6 57. Ra3 Rb1 58. Ra6 Kg7 59. Ra7+
Kf8 60. Ra3 Rc1 61. Ke3 Nc4+ 62. Bxc4 Rxc4 63. Ra8+ Kg7 64. Ra7+ Kg8 65. Rd7
Ra4 66. Kf4 Ra5 67. g4 hxg4 68. Kxg4 f5+ 69. Kf4 fxe4 70. fxe4 Rh5 71. e5 Kf8
72. e6 1/2-1/2

[Event "USCL Boston vs Philadelphia"]
[Site "Internet Chess Club"]
[Date "2010.09.01"]
[Round "2"]
[White "Smith, Bryan"]
[Black "Perelshteyn, Eugene"]
[Result "0-1"]
[WhiteElo "2572"]
[BlackElo "2568"]
[PlyCount "150"]
[EventDate "2010.??.??"]

1. e4 c6 2. d4 d5 3. e5 Bf5 4. Nf3 e6 5. Be2 Nd7 6. O-O h6 7. Nbd2 Ne7 8. Nb3
g5 9. Bd2 Qc7 10. Ne1 O-O-O 11. Ba5 b6 12. Bd2 f6 13. exf6 Nxf6 14. a4 a5 15.
Rc1 Ne4 16. Be3 Bg7 17. Nd3 Kb8 18. c4 dxc4 19. Rxc4 Rhf8 20. Nd2 Nd6 21. Rc1
Nd5 22. Nf3 Bxd3 23. Qxd3 Nb4 24. Qb3 Nf5 25. Rfd1 Nd5 26. Bb5 Nfe7 27. Nd2 e5
28. dxe5 Nxe3 29. fxe3 Bxe5 30. h3 Bh2+ 31. Kh1 Bd6 32. Be2 Bb4 33. Nf3 Nf5 34.
Kg1 Ng3 35. Rxd8+ Rxd8 36. Bf1 Nxf1 37. Rxf1 Bc5 38. Kh1 Qd6 39. e4 Qd3 40.
Qxd3 Rxd3 41. Ne5 Rd6 42. Rf8+ Kb7 43. Rf7+ Ka6 44. Nd7 Rd1+ 45. Kh2 Bd6+ 46.
e5 Bc7 47. Nc5+ bxc5 48. Rxc7 Kb6 49. Rh7 Rd2 50. Rxh6 Rxb2 51. Rg6 Re2 52.
Rxg5 c4 53. e6 Rxe6 54. h4 c3 55. Rg3 Re4 56. Rxc3 Rxh4+ 57. Kg1 Rxa4 58. Kf1
Kb5 59. Ke1 Ra2 60. g4 Rg2 61. Kd1 a4 62. Kc1 c5 63. Rh3 Kb4 64. Rh8 Rxg4 65.
Kb2 Rg2+ 66. Kb1 c4 67. Rh7 Kb3 68. Rb7+ Kc3 69. Ra7 Rg1+ 70. Ka2 Kd2 71. Rxa4
c3 72. Rd4+ Ke3 73. Rc4 Kd3 74. Rh4 c2 75. Rh3+ Ke4 0-1

[Event "USCL Chicago vs St. Louis"]
[Site "Internet Chess Club"]
[Date "2010.09.01"]
[Round "2"]
[White "Finegold, Spencer"]
[Black "Tsai, Cindy"]
[Result "0-1"]
[WhiteElo "1991"]
[BlackElo "2171"]
[PlyCount "96"]
[EventDate "2010.??.??"]

1. e4 c5 2. Nf3 d6 3. d4 cxd4 4. Nxd4 Nf6 5. Nc3 a6 6. Bc4 e6 7. Bb3 Be7 8. O-O
O-O 9. f4 Nbd7 10. Be3 Nc5 11. f5 e5 12. Nde2 Nfxe4 13. Nxe4 Nxe4 14. Ng3 Nxg3
15. hxg3 Bd7 16. Qd2 Bb5 17. g4 Bxf1 18. Rxf1 d5 19. Bxd5 Rc8 20. Kh1 Qc7 21.
Bb3 Rfd8 22. Qe2 Qc6 23. g5 Qe4 24. Qh5 Qxe3 25. f6 Bxf6 26. Rxf6 Rd1+ 27. Qxd1
gxf6 28. gxf6 Qh6+ 29. Kg1 Rc6 30. Qd8+ Qf8 31. Qd7 Rxf6 32. Qxb7 Qc5+ 33. Kh2
Qe3 34. Qc8+ Kg7 35. Qg4+ Rg6 36. Qf3 Qxf3 37. gxf3 f5 38. Bd5 Kf6 39. b4 Ke7
40. c4 Kd6 41. a4 Rg7 42. a5 h6 43. Ba8 e4 44. fxe4 f4 45. b5 Ke5 46. b6 f3 47.
b7 Rg2+ 48. Kh1 Rg8 0-1

[Event "USCL Los Angeles vs Dallas"]
[Site "Internet Chess Club"]
[Date "2010.09.01"]
[Round "2"]
[White "Khachiyan, Melikset"]
[Black "Ramirez, Alejandro"]
[Result "1/2-1/2"]
[WhiteElo "2590"]
[BlackElo "2645"]
[PlyCount "84"]
[EventDate "2010.??.??"]

1. e4 c5 2. Nf3 e6 3. d4 cxd4 4. Nxd4 a6 5. Nc3 Qc7 6. Be2 Nf6 7. O-O d6 8. Be3
Be7 9. f4 Nc6 10. Kh1 O-O 11. Qe1 Nxd4 12. Bxd4 b5 13. Bd3 e5 14. fxe5 dxe5 15.
Qg3 Nd7 16. Nd5 Qd6 17. Bc3 Bb7 18. Bb4 Nc5 19. Nxe7+ Qxe7 20. Qe3 Rac8 21. a4
bxa4 22. Rxa4 Qd7 23. Ra3 Qd4 24. Qxd4 exd4 25. Bxc5 Rxc5 26. Ra4 Rd8 27. Rf5
Rc7 28. Kg1 g6 29. Rf4 Kg7 30. e5 Rcd7 31. Kf2 h6 32. h4 Bc8 33. b3 Bb7 34. g3
Bc8 35. Ke1 g5 36. hxg5 hxg5 37. Re4 Rd5 38. Kd2 a5 39. Bc4 Rc5 40. Bd3 Rcd5
41. Bc4 Rc5 42. Bd3 Rcd5 1/2-1/2